歯学部がある大学 - Statistics

General Stats
  • This quiz has been taken 6 times
  • The average score is 15 of 27
Answer Stats
Hint Answer % Correct
国立 北海道大学
100%
国立 東北大学
100%
私立 日本大学
100%
国立 東京科学大学
80%
国立 新潟大学
80%
国立 大阪大学
80%
国立 岡山大学
80%
国立 広島大学
80%
国立 九州大学
80%
私立 東京歯科大学
80%
私立 日本歯科大学
80%
国立 徳島大学
60%
国立 長崎大学
60%
国立 鹿児島大学
60%
私立 大阪歯科大学
60%
私立 福岡歯科大学
60%
公立 九州歯科大学
40%
私立 北海道医療大学
40%
私立 岩手医科大学
40%
私立 昭和大学
40%
私立 奥羽大学
20%
私立 神奈川歯科大学
20%
私立 鶴見大学
20%
私立 松本歯科大学
20%
私立 朝日大学
20%
私立 明海大学
0%
私立 愛知学院大学
0%
No matching quizzes found
Score Distribution
Percent of People with Each Score
Percentile by Number Answered
Your Score History
You have not taken this quiz